000 00799nam a2200229Ia 4500
001 9270
003 GE_BSU
008 181216s||||||||xx |||||||||||||| ||und||
040 _cGE_BSU
080 _a821.353.1
100 _aლორთქიფანიძე,ნიკო
245 _aრჩეული თხზულებანი.ტ.1
245 _bტ.1
245 _cრედ:ბ.ჟღენტი;მხატვ:ააპ.ქუთათელაძე;ვ.გიორგობიანი;შ.კუპრაშვილი.
260 _aთბილისი.
260 _bსახელგამი
260 _c1950
300 _a450გვ;21სმ
300 _b1ფ.პოტრ;ილ.
653 _aრჩეული თხზულებანი
942 _cBK
999 _c42571
_d42571